Перевод и прикладная лингвистика

Λεπτομέρειες βιβλιογραφικής εγγραφής
Κύριος συγγραφέας: Нелюбин Л. Л. Лев Львович
Γλώσσα:Ρωσικά
Έκδοση: Москва, Высшая школа, 1983
Θέματα:
Μορφή: Βιβλίο
KOHA link:https://koha.lib.tpu.ru/cgi-bin/koha/opac-detail.pl?biblionumber=302571

MARC

LEADER 00000nam0a2200000 4500
001 302571
005 20231102001521.0
020 |a RU  |b 83-16429 
035 |a (RuTPU)RU\TPU\book\327778 
090 |a 302571 
100 |a 20150824d1983 k y0rusy5003 ca 
101 0 |a rus 
102 |a RU 
105 |a y z 001zy 
200 1 |a Перевод и прикладная лингвистика  |f Л. Л. Нелюбин 
210 |a Москва  |c Высшая школа  |d 1983 
215 |a 207 с. 
320 |a Библиогр.: с. 183-191 
606 1 |a Перевод автоматический  |2 stltpush  |3 (RuTPU)RU\TPU\subj\48483  |9 67344 
610 1 |a статистическая модель 
610 1 |a прикладная лингвистика 
610 1 |a информация 
610 1 |a переработка 
686 |a Ш111.2  |v LBC/SL-A  |2 rubbk 
700 1 |a Нелюбин  |b Л. Л.  |g Лев Львович  |4 070 
801 0 |a RU  |b RuMRKP  |c 19950704  |g psbo 
801 1 |a RU  |b 63413507  |c 20150824 
801 2 |a RU  |b 63413507  |c 20170815  |g RCR 
942 |c BK